000 00386cam a22001337a 4500
008 180718b1947 xxu||||| |||| 00| 0 eng d
082 _aT392 B299
100 _aBasu, Saroj Kumar
245 _aSettlement of sterling balances
_cby Saroj Kumar Basu
260 _aCalcutta
_bBook House
_c1947
300 _a53p.
650 _aBalance of Trade - Argentina
650 _aBalance of Trade - USA
999 _c359102
_d359102